| 000 | 00797ngm a2200313 a 4500 | ||
|---|---|---|---|
| 003 | BLK | ||
| 005 | 20240529092018.0 | ||
| 007 | mz caa|ak||daaaac | ||
| 008 | 180410b bul||n||s|||||||| mlbulo| | ||
| 010 | _aCDD00002199000 | ||
| 040 | _aBLK | ||
| 041 |
_aBUL _cBUL |
||
| 080 |
_aКомедии _b791.221.2 _z791.221.2 |
||
| 139 |
_aОскар [DVD] _bО 81 |
||
| 245 | 1 | 0 | _aОскар [DVD] |
| 257 | _aBGR | ||
| 260 | _c2006 | ||
| 380 | _a7 | ||
| 490 |
_aКралете на комедията _v6 |
||
| 590 | _aS.N: 69902 от КНИГИ | ||
| 852 |
_aЦб CD 4782 _p0 |
||
| 856 | 4 |
_qpdf _u |
|
| 856 | 4 |
_qpdf _u |
|
| 942 |
_cCDD _n0 _s1 _01 |
||
| 944 |
_aCR _c07.12.2006 _k30560 _lГеновева Генчева |
||
| 944 |
_aED _c27.08.2009 |
||
| 999 |
_c219780 _d219780 |
||
| 999 | _d219780 | ||
| 999 | _d219780 | ||